000 00344 a2200157 4500
001 75563
020 _a9788574066875
040 _cAnchieta - Colégio São Paulo
100 _aRui de Oliveira
240 1 0 _aCartas lunares
_lpor
245 1 0 _aCartas lunares
300 _a71
362 0 _a2015
650 4 _aLiteratura infantil
942 _cBK
999 _c75563
_d75563